000 01108nam a22002894a 4500
001 PE-BaUNAB
005 20260701155550.0
006 a||||gr|||| 001 0
007 ta
008 t pe gr 00| 0 spa d
017 _aB.4.120-2021
020 _a9788491139324
040 _aPE-BaUNAB
041 _aspa
043 _cper
082 _a21 001.42
100 _aPolgar, Stephen
_eAutor
_913818
245 _aIntroducción a la investigación en ciencias de la salud
260 _aBarcelona, España :
_bELSEVIER,
_c2021.
300 _a214 Páginas
_c23.5 cm
505 _aI. Fundamentos metodológicos de investigación sanitaria 2. Planificación de la investigación 3. Diseños de investigación 4. Recopilación de datos 5. Estadística descriptiva 6. Análisis de datos e inferencia 7. Evaluación y divulgación de los resultados de las investigaciones
650 _aMETODOS DE INVESTIGACIÓN
_911968
650 _aINVESTIGACIÓN SANITARIA
_913819
650 _aINVESTIGACIÓN OPERATIVA
_911305
700 _aShane Thomas
_913820
942 _2ddc
_cLIB
_e2026-07-01
_zLRM
999 _c6108
_d6108